书目信息 |
| 题名: |
我的天然面膜书
|
|
| 作者: | 任薇 主编 | |
| 分册: | ||
| 出版信息: | 南京 江苏凤凰科学技术出版社 2019重印 |
|
| 页数: | 255页 | |
| 开本: | 24cm | |
| 丛书名: | 凤凰含章 | |
| 单 册: | ||
| 中图分类: | TS974.13 | |
| 科图分类: | ||
| 主题词: | 面--mian--美容--基本知识 | |
| 电子资源: | ||
| ISBN: | 978-7-5537-3865-9 | |
| 000 | 00979nam 2200265 45 | |
| 001 | 012001001254 | |
| 005 | 20140107172640.0 | |
| 010 | @a978-7-5537-3865-9@dCNY39.80 | |
| 099 | @aCAL 012015042166 | |
| 100 | @a20150212d2015 em y0chiy50 ea | |
| 101 | 0 | @achi |
| 102 | @aCN@b320000 | |
| 105 | @aa z 000yy | |
| 106 | @ar | |
| 200 | 1 | @a我的天然面膜书@Awo de tian ran mian mo shu@f任薇主编 |
| 210 | @a南京@c江苏凤凰科学技术出版社@d2019重印 | |
| 215 | @a255页@c彩图@d24cm | |
| 225 | 2 | @a凤凰含章@Afeng huang han zhang@i生活+系列 |
| 330 | @a本书精选了600款纯天然面膜, 按照功效分为滋润保湿型、美白淡斑型、控油祛痘型、抗敏舒缓型、抗老活肤型、收缩毛孔型、活颜亮彩型、瘦脸紧肤型、深层清洁型、防晒修复型等10大类, 读者可根据自身肌肤状况, 有针对性地进行选择。 | |
| 410 | 0 | @12001@a凤凰含章@i生活+系列 |
| 606 | 0 | @a面@Amian@x美容@x基本知识 |
| 690 | @aTS974.13@v5 | |
| 701 | 0 | @a任薇@Aren wei@4主编 |
| 801 | 0 | @aCN@b北京卓展@c20191020 |
| 905 | @b1201662-5@dTS974.13@e518@f4 | |
| 我的天然面膜书/任薇主编.-南京:江苏凤凰科学技术出版社,2019重印 |
| 255页:彩图;24cm.-(凤凰含章.生活+系列) |
| ISBN 978-7-5537-3865-9:CNY39.80 |
| 本书精选了600款纯天然面膜, 按照功效分为滋润保湿型、美白淡斑型、控油祛痘型、抗敏舒缓型、抗老活肤型、收缩毛孔型、活颜亮彩型、瘦脸紧肤型、深层清洁型、防晒修复型等10大类, 读者可根据自身肌肤状况, 有针对性地进行选择。 |
| ● |
| 相关链接 |
|
|
|
|
正题名:我的天然面膜书
索取号:TS974.13/518
 
预约/预借
| 序号 | 登录号 | 条形码 | 馆藏地/架位号 | 状态 | 备注 |
| 1 | 1201662 | 212016628 | 第二样本阅览室/ [索取号:TS974.13/518] | 在馆 | |
| 2 | 1201663 | 212016637 | 第三借阅区/ [索取号:TS974.13/518] | 在馆 | |
| 3 | 1201664 | 212016646 | 第三借阅区/ [索取号:TS974.13/518] | 在馆 | |
| 4 | 1201665 | 212016655 | 第三借阅区/ [索取号:TS974.13/518] | 在馆 |